00663nam a2200229 a 4500001001300000003000900013005001700022008004100039020002300080082001300103100002000116245004300136260002500179300000900204500003500213650001700248700002000265902000800285942000700293952011600300999001700416nice12345678IN_TiNIC20260116015402.0150305s2010 dela grp 000 0 eng  a9788184650945c18000a260bSIN aSingh, Emmanuel aJesus the Sadguru and His Discipleship aDelhi bISPCK c2010 a169  aincludes index and biblioraphy aDiscipleship1 aSingh, Emmanuel bSRS cBK 001040708StackRoom-aHMIbHMId2005-01-01g180.00l0o260 SINp11002858r2005-01-01v180.00w2015-03-05yBK c19484d19484